Statistics for Harry Potter by Letter - C

Click here to take the quiz!

General Stats

  • This quiz has been taken 78 times
  • The average score is 13 of 16

Answer Stats

QuestionAnswer% Correct
Dragon loving Weasley brother, works in Romania?Charlie Weasley
100%
Harry's first kiss?Cho Chang
100%
The curse that drove Frank and Alice Longbottom mad?Crucio
100%
Hogwarts subject taught by Professor Flitwick?Charms
99%
Name the two Gryffindor muggleborn brothers, eldest of which was a keen photographer?Colin Creevey
97%
The first name of the Minster for Magic that Harry first meets in his second year?Cornelius Fudge
97%
The horcrux made from a former possession of Helga Hufflepuff?Cup
97%
Dennis Creevey
91%
Muggle Studdies professor up until her murder by Voldemort? (First Name)Charity Burbage
86%
Middle Peverell brother and first owner of the Ressurection Stone?{Cadmus} Peverell
80%
The breed of dragon that Krum faced in the first task of the Triwizard Tournament?Chinese Fireball
73%
Guardian of Gryffindor Tower following the attack on the Fat Lady by Sirius Black?Sir Cadogan
67%
First password for the Gryffindor Common Room, given by Percy following Harry's Sorting Ceremony?Caput Draconis
54%
Name the two brands of broomstick available?Cleansweep
53%
Comet
34%
The charm placed on Hogsmeade to act as a curfew, causing a high pitched scream to be heard when broken?Caterwauling Charm
30%

Score Distribution

Percentile by Number Answered

Percent of People with Each Score

Your Score History

You have not taken this quiz